AGT Golden Buzzer actors - Statistics

General Stats
  • This quiz has been taken 17 times
  • The average score is 7 of 71
Answer Stats
Answer % Correct
Season 12 Mel B Darci Lynn
40%
Season 9 Howard Stern Dustin's dojo
40%
Season 11 Howie Mandel Grace VanderWaal
40%
Season 14 Gabrielle Union Kodi Lee
40%
Season 16 Simon Cowell Nightbirde
40%
Season 10 Piers Morgan Siro-A
40%
Season 10 Heidi Klum Arielle Baril
20%
Season 9 Heidi Klum Brad Henderson
20%
Season 11 Simon Cowell Calysta Bevier
20%
Season 18 All Judges & Terry Chibi Unity
20%
Season 13 Howie Mandel Courtney Hadwin
20%
Season 14 Terry Crews Detroit Youth Choir
20%
Season 10 Howie Mandel Drew Lynch
20%
Season 9 Howie Mandel Emmanuel & Phillip Hudson
20%
Season 10 Howard Stern Freckled Sky
20%
Season 11 Mel B Laura Bretan
20%
Season 12 Tyra Banks Light Balance
20%
Season 14 Ellie Kemper Light Balance Kids
20%
Season 12 Simon Cowell Mandy Harvey
20%
Season 17 Sofia Vergara Mayyas
20%
Season 10 Marlon Wayans Paul Zerdin
20%
Season 10 Neil Patrick Harris Piff the Magic Dragon
20%
Season 11 Heidi Klum Sal Valentinetti
20%
Season 10 Mel B Sharon Irving
20%
Season 11 Reba McEntire Sofie Dossi
20%
Season 10 Michael Bublé The CraigLewis Band
20%
Season 14 Dwyane Wade V.Unbeatable
20%
Season 15 Simon Cowell W.A.F.F.L.E. Crew
20%
Season 16 Terry Crews World Taekwondo Demonstration Team
20%
Season 13 Tyra Banks Zucaroh
20%
Season 13 Mel B Amanda Mena
0%
Season 13 Olivia Munn Angel City Choral
0%
Season 12 Chris Hardwick Angelica Hale
0%
Season 12 Heidi Klum Angelina Green
0%
Season 17 Terry Crews Avery Dixon
0%
Season 15 Howie Mandel Brandon Leake
0%
Season 12 Laverne Cox Celine Tam
0%
Season 17 All Judges & Terry Chapel Hart
0%
Season 12 DJ Khaled Chase Goehring
0%
Season 18 Terry Crews Chioma & the AtlantaDrum Academy
0%
Season 12 Howie Mandel Christian Guardino
0%
Season 15 Heidi Klum Cristina Rae
0%
Season 11 Nick Cannon Dorothy Williams
0%
Season 14 Jay Leno Emanne Beasha
0%
Season 13 Chris Hardwick Flau'jae
0%
Season 18 Sofia Vergara Gabriel Henrique
0%
Season 11 Louis Tomlinson Jayna Brown
0%
Season 16 Sofia Vergara Jimmie Herrod
0%
Season 12 Seal Johnny Manuel
0%
Season 11 Ne-Yo Jon Dorenbos
0%
Season 14 Howie Mandel Joseph Allen
0%
Season 18 Heidi Klum Lavender Darcangelo
0%
Season 16 Heidi Klum Léa Kyle
0%
Season 17 Heidi Klum Lily Meola
0%
Season 14 Julianne Hough Luke Islam
0%
Season 17 Howie Mandel Maddie
0%
Season 13 Heidi Klum Makayla Philips
0%
Season 11 George Lopez Malevo
0%
Season 13 Simon Cowell Michael Ketterer
0%
Season 18 Howie Mandel Murmuration
0%
Season 18 Audience Mzansi Youth Choir
0%
Season 16 Howie Mandel Northwell Health Nurse Choir
0%
Season 18 Simon Cowell Putri Ariani
0%
Season 13 Martina Mcbride Quin and Misha
0%
Season 15 Sofia Vergara Roberta Battaglia
0%
Season 17 Simon Cowell Sara James
0%
Season 14 Brad Paisley Sophie Pecora
0%
Season 14 Simon Cowell Tyler Butler-Figueroa
0%
Season 16 All Judges & Terry Victory Brinker
0%
Season 13 Ken Jeong Voices of Hope Children's Choir
0%
Season 15 Terry Crews Voices of Our City Choir
0%
No matching quizzes found
Score Distribution
Percent of People with Each Score
Percentile by Number Answered
Your Score History
You have not taken this quiz